000 01641nam0a2200337 4500
001 RU\NLR\bibl\736530
005 20260405071541.0
010 _a5-94729-057-Х
_9100
021 _aRU
_b2004-78246
_93860
035 _a(NLR Aleph) 000726449
090 _a735343
_c735343
100 _a20050317d2004 |||y0rusy50 ca
101 0 _arus
_deng
102 _aRU
105 _aa |||||||||
200 1 _aМагнитостратиграфия кайнозоя Северо-Востока России
_dMagnetostratigraphy of cenozoic of the north-east of Russia
_fП.С. Минюк
_gРос. акад. наук, Дальневост. отд-ние, Сев.-Вост. науч. центр, Сев.-Вост. комплекс. НИИ
_zeng
210 _aМ.
_cСВКНИИ ДВО РАН
_d2004
215 _a198 с.
_cил.
_d29
300 _aАвт. также на англ. яз.: P.S. Minyuk
300 _aРез. на англ. яз.
320 _aБиблиогр.: с. 179-195
510 0 _6z11790
_aMagnetostratigraphy of cenozoic of the north-east of Russia
_zeng
606 0 _aКайнозойские отложения
_xМагнитостратиграфия
_yРоссийская Федерация
_yСеверо-Восток
_92369089
_3RU\NLR\auth\661414173
686 _aД432.7-09(2Р55,1)в752.4
700 1 _4070
_8rus
_7ca
_aМинюк
_bП.С.
_f1954-
_gПавел Сергеевич
_3RU\NLR\auth\7724482
_97533
790 1 _4070
_8rus
_7ba
_aMinjuk
_bP.S.
_f1954-
_gPavel Sergeevič
_3RU\NLR\auth\7724484
_97535
801 0 _aRU
_bNLR
_c20050317
_gPSBO
801 1 _aRU
_bNLR
_c20050317
942 _cBOOK
980 _aNB